000 00691nam a2200253Ia 4500
003 OSt
005 20221007075824.0
006 a|||||r|||| 00| 0
007 ta
008 221006b |||||||| |||| 00| 0 eng d
020 _a9780199477777
024 _a45,480
037 _cTextual
040 _aFLL
_cFLL
_beng
041 _2eng
_aeng
082 _aY5927:3(W).2, Q7
100 _aJANGAM Chinnaiah
_9453155
245 0 _aDalits and the making of modern India
250 _a1st
260 _aNew Delhi
_bOxford University Press India
_c2017
300 _axiii,247p.
_ccm.
942 _hY5927:3(W).2, Q7
_cTEXL
_2CC
999 _c1157477
_d1157477